| 000 | 00610nam a2200217 i 4500 | ||
|---|---|---|---|
| 001 | 67210 | ||
| 003 | ES-MaACL | ||
| 007 | t| | ||
| 008 | 040511s1958 sp ||||1| spa d | ||
| 080 | _a821.111-14"19" | ||
| 100 | 1 |
_aCampbell, Roy. _934155 |
|
| 245 | 1 | 0 |
_aPoemas / _cRoy Campbell ; selección, versión y prólogo de Aquilino Duque. |
| 250 | _a[1ª ed.]. | ||
| 260 |
_aMadrid : _bRialp, _c1958. |
||
| 300 |
_a67 p. ; _c15 cm. |
||
| 490 | 1 |
_aAdonais ; _v157 |
|
| 700 | 1 |
_aDuque, Aquilino. _946145 |
|
| 830 | 0 | 0 |
_aAdonáis _v157 _9173743 |
| 852 |
_aES-MaACL _jJ-23-157 _bR.132307 |
||
| 999 |
_c67210 _d67210 |
||